000 01194nam0a22003371 4500
001 RU\NLR\INFOCOMM_253\5000023515
005 20250613093831.0
035 _a(NLR Aleph) 009226435
090 _a8839100
_c8839100
100 _a20100610d1965 |||y0rusy50 ca
101 0 _aeng
102 _aRU
105 _aa ||||000|y
200 1 _aCP violation and interference phenomena in decay of neutral K mesons into two pions
_fV. L. Lyuboshits, E. O. Okonov, M. I. Podgoretsky, Wu Tsun-fan
210 _aДубна
_d1965
215 _a18 с.
_cграфик.
_d21 см
225 1 _aˆ[‰Издания]
_fОбъедин. ин-т ядерных исследований
_vD-1926
309 _aОтпеч. множит. аппаратом
320 _aБиблиогр.: с. 12
686 _aФз-1640[В382.214]
_2rubbk
701 1 _9z06790
_aLjubošic
_bV. L.
_4070
701 1 _aOkonov
_bE. O.
_4070
701 1 _9z07790
_aPodgoreckij
_bM. I.
_4070
701 1 _aWu
_bT. f.
_gTsun-fan
_4070
790 1 _9z06701
_aLyuboshits
_bV. L.
_4070
790 1 _9z07701
_aPodgoretsky
_bM. I.
_4070
801 1 _aRU
_bNLR
_c20100610
801 0 _aRU
_bNLR
_gPSBO
852 _aNLR
_jP11/3130
942 _cBOOK
980 _aNB